Stav cezhraničnej spolupráce na Slovensku vo vzťahu k rozvoju CR

Nové možnosti rozvoja, prostredníctvom jednej z foriem cezhraničnej integrovanej spolupráce. Vybrané euroregióny a ich hlavné činnosti v rámci cezhraničnej spolupráce. Stav cezhraničnej spolupráce na Slovensku. Úloha regiónov na Slovensku. Euroregióny zamerané na činnosť v cestovnom ruchu.

Na minha lista:
Detalhes bibliográficos
Autor principal: Vlčková, Viera
Formato: Capítulo de Livro
Idioma:eslovaco
Assuntos:
Tags: Adicionar Tag
Sem tags, seja o primeiro a adicionar uma tag!

MARC

LEADER 00000naa$a2200000$$$4500
001 0011720
005 20221104094920.5
041 0 |a slo 
044 |a SK 
245 1 0 |a Stav cezhraničnej spolupráce na Slovensku vo vzťahu k rozvoju CR  |c aut. Viera Vlčková 
520 |a Nové možnosti rozvoja, prostredníctvom jednej z foriem cezhraničnej integrovanej spolupráce. Vybrané euroregióny a ich hlavné činnosti v rámci cezhraničnej spolupráce. Stav cezhraničnej spolupráce na Slovensku. Úloha regiónov na Slovensku. Euroregióny zamerané na činnosť v cestovnom ruchu. 
610 2 0 |a spolupráca cezhraničná 
610 2 0 |a euroregióny 
610 2 0 |a ruch cestovný 
610 2 0 |a Slovensko 
610 2 0 |a turistika 
100 1 |a Vlčková, Viera